[Event "62.Camp. Veneto Quarti di Finale"]
[Site "Arquà Petrarca ITA"]
[Date "2002.05.05"]
[Round "3.7"]
[White "Opacic, Alexandar"]
[Black "Baracchi, Filippo"]
[Result "1-0"]
[WhiteElo "2016"]
[BlackElo "1756"]
[Annotator "Gabriele Ballarin"]
[PlyCount "77"]
[EventDate "2002.05.04"]
[EventType "swiss"]
[EventRounds "6"]
[EventCountry "ITA"]

1. e4 c5 2. Nf3 Nc6 3. d4 cxd4 4. Nxd4 Nf6 5. Nc3 e5 6. Ndb5 d6 7. Bg5 a6 8. Na3 b5 9. Nd5 Be7 10. Bxf6 Bxf6 11. c3 Be6 12. Nc2 Ne7 13. Nxf6+ gxf6 14. Ne3 f5 15. exf5 Nxf5 16. Nxf5 Bxf5 17. a4 Rb8 18. axb5 axb5 19. Qd5 O-O 20. Bxb5 Be6 21. Qd3 e4 22. Qe2 Qg5 23. Bc6 d5 24. O-O Bg4 25. Qe3 Qxe3 26. fxe3 Be6 27. b4 Rfc8 28. b5 d4 29. cxd4 Bc4 30. Rf5 Rb6 31. Rc5 Bd3 32. d5 Rd8 33. Ra7 Rd6 34. Rd7 Rf6 35. h3 Kf8 36. d6 Rf1+ 37. Kh2 Rb1 38. Rd8+ Kg7 39. d7 1-0

[Event "62.Camp. Veneto Quarti di Finale"]
[Site "Arquà Petrarca ITA"]
[Date "2002.05.12"]
[Round "3.9"]
[White "Zotti, Enrico"]
[Black "Canazza, Alessandro"]
[Result "1-0"]
[WhiteElo "1749"]
[BlackElo "1600"]
[Annotator "Gabriele Ballarin"]
[PlyCount "73"]
[EventDate "2002.05.04"]
[EventType "swiss"]
[EventRounds "6"]
[EventCountry "ITA"]

1. Nf3 d5 2. g3 c6 3. Bg2 Bf5 4. O-O Nf6 5. d3 e6 6. Nbd2 h6 7. c4 Nbd7 8. cxd5 cxd5 9. Qa4 Be7 10. e4 dxe4 11. dxe4 Bh7 12. e5 Nd5 13. Qg4 g5 14. Nc4 Qc7 15. Rd1 Bf5 16. Qd4 Rg8 17. Nd6+ Bxd6 18. exd6 Qxd6 19. Be3 Qb4 20. Rac1 Ke7 21. Qxb4+ Nxb4 22. Rc7 Nd5 23. Rxb7 Rgb8 24. Bc5+ Ke8 25. Rxb8+ Rxb8 26. Bxa7 Rxb2 27. Nd4 Bg4 28. Ra1 Nc3 29. h3 Bh5 30. a4 e5 31. Nf5 Bg6 32. g4 Bxf5 33. gxf5 Kd8 34. a5 e4 35. a6 Nb6 36. Bxb6+ Rxb6 37. a7 1-0

[Event "62.Camp. Veneto Quarti di Finale"]
[Site "Arquà Petrarca ITA"]
[Date "2002.05.05"]
[Round "3.10"]
[White "Baracchi, Leonardo"]
[Black "Pechy, Alaster"]
[Result "0-1"]
[WhiteElo "1600"]
[BlackElo "1840"]
[Annotator "Gabriele Ballarin"]
[PlyCount "50"]
[EventDate "2002.05.04"]
[EventType "swiss"]
[EventRounds "6"]
[EventCountry "ITA"]

1. e4 c5 2. Nf3 d6 3. d4 cxd4 4. Nxd4 Nf6 5. Nc3 g6 6. Be2 Bg7 7. Be3 O-O 8. Qd2 Ng4 9. Bxg4 Bxg4 10. f3 Bd7 11. h4 Nc6 12. O-O-O Ne5 13. Qe2 Rc8 14. h5 Rxc3 15. bxc3 Qa5 16. Kb1 Rc8 17. Bd2 Nc4 18. Nb3 Qb5 19. Kc1 Qa6 20. Rdg1 Qxa2 21. Be1 Bh6+ 22. Bd2 Bxd2+ 23. Nxd2 Qa1+ 24. Nb1 Qb2+ 25. Kd1 Qxb1# 0-1

[Event "62.Camp. Veneto Quarti di Finale"]
[Site "Arquà Petrarca ITA"]
[Date "2002.05.05"]
[Round "3.11"]
[White "Bassetto, Marco"]
[Black "Cedriano, Filippo"]
[Result "0-1"]
[WhiteElo "1792"]
[BlackElo "1624"]
[Annotator "Gabriele Ballarin"]
[PlyCount "116"]
[EventDate "2002.05.04"]
[EventType "swiss"]
[EventRounds "6"]
[EventCountry "ITA"]

1. e4 g6 2. d4 Bg7 3. f4 Nf6 4. Bd3 d6 5. Nf3 O-O 6. O-O c5 7. d5 c4 8. Bxc4 Nxe4 9. c3 Qb6+ 10. Nd4 e5 11. dxe6 Bxe6 12. Bb3 Nc6 13. Be3 Nxd4 14. Bxd4 Bxd4+ 15. cxd4 Bxb3 16. axb3 Rac8 17. Rf3 Rfe8 18. Nc3 Nf6 19. f5 g5 20. Qd2 h6 21. Rg3 Ne4 22. Nxe4 Rxe4 23. Rd1 f6 24. Re3 Rce8 25. Rde1 Qc6 26. h4 Qd5 27. hxg5 hxg5 28. Rxe4 Rxe4 29. Rxe4 Qxe4 30. Qf2 Qd3 31. b4 Qd1+ 32. Kh2 Qh5+ 33. Kg3 Qh4+ 34. Kf3 Qf4+ 35. Ke2 Qe4+ 36. Kd2 Qb1 37. Kc3 Qc1+ 38. Qc2 Qe1+ 39. Kb3 Qe3+ 40. Qc3 Qe7 41. Qc8+ Kg7 42. d5 Qe3+ 43. Ka2 Qb6 44. Qd7+ Kf8 45. Qc8+ Kg7 46. Qc4 a6 47. Qe4 Qb5 48. Qe7+ Kg8 49. Qe6+ Kg7 50. Ka3 Qd3+ 51. b3 Qd2 52. Qe7+ Kg8 53. Qxf6 Qc1+ 54. Qb2 Qd1 55. Qc3 Kf8 56. Qc8+ Kf7 57. Qc7+ Kf6 58. Qxd6+ Kxf5 0-1

[Event "62.Camp. Veneto Quarti di Finale"]
[Site "Arquà Petrarca ITA"]
[Date "2002.05.05"]
[Round "3.12"]
[White "Danieli, Enrico"]
[Black "Frascati, Francesco"]
[Result "1-0"]
[WhiteElo "2044"]
[BlackElo "1450"]
[Annotator "Gabriele Ballarin"]
[PlyCount "27"]
[EventDate "2002.05.04"]
[EventType "swiss"]
[EventRounds "6"]
[EventCountry "ITA"]

1. d4 Nf6 2. Nf3 g6 3. Nc3 Bg7 4. e4 d6 5. Be2 O-O 6. O-O Nbd7 7. e5 dxe5 8. dxe5 Ng4 9. e6 fxe6 10. Ng5 Nde5 11. Bxg4 Nxg4 12. Qxg4 e5 13. Qc4+ Kh8 14. Nf7+ 1-0

[Event "62.Camp. Veneto Quarti di Finale"]
[Site "Arquà Petrarca ITA"]
[Date "2002.05.05"]
[Round "3.13"]
[White "Quaranta, Cristiano"]
[Black "Quaranta, Gaetano"]
[Result "1-0"]
[WhiteElo "1783"]
[BlackElo "1588"]
[Annotator "Gabriele Ballarin"]
[PlyCount "23"]
[EventDate "2002.05.04"]
[EventType "swiss"]
[EventRounds "6"]
[EventCountry "ITA"]

1. e4 e5 2. Nf3 Nc6 3. d4 exd4 4. Bc4 Bc5 5. O-O Nf6 6. e5 d5 7. exf6 dxc4 8. fxg7 Rg8 9. Re1+ Be6 10. Ng5 Qf6 11. Nxe6 fxe6 12. Qh5+ 1-0

[Event "62.Camp. Veneto Quarti di Finale"]
[Site "Arquà Petrarca ITA"]
[Date "2002.05.05"]
[Round "3.14"]
[White "Di Giacomo, Antonio"]
[Black "Guclu, Yaman"]
[Result "1/2-1/2"]
[WhiteElo "1585"]
[BlackElo "1774"]
[Annotator "Gabriele Ballarin"]
[PlyCount "41"]
[EventDate "2002.05.04"]
[EventType "swiss"]
[EventRounds "6"]
[EventCountry "ITA"]

1. d4 Nf6 2. c4 c5 3. e3 g6 4. Nc3 Bg7 5. Nf3 O-O 6. Bd3 d6 7. O-O a6 8. Ne4 Nxe4 9. Bxe4 Qc7 10. b3 Nc6 11. Rb1 Rb8 12. Bb2 b5 13. Bxc6 Qxc6 14. d5 Qc7 15. Bxg7 Kxg7 16. Nd2 Bd7 17. Qc2 bxc4 18. Qc3+ Kg8 19. bxc4 a5 20. a3 Ba4 21. e4 1/2-1/2

[Event "62.Camp. Veneto Quarti di Finale"]
[Site "Arquà Petrarca ITA"]
[Date "2002.05.05"]
[Round "3.16"]
[White "Roberti, Ignazio"]
[Black "Calicchia, Giovanni"]
[Result "1/2-1/2"]
[WhiteElo "1769"]
[BlackElo "1585"]
[Annotator "Gabriele Ballarin"]
[PlyCount "114"]
[EventDate "2002.05.04"]
[EventType "swiss"]
[EventRounds "6"]
[EventCountry "ITA"]

1. Nf3 Nf6 2. b3 g6 3. Bb2 Bg7 4. e3 O-O 5. c4 d6 6. d4 Nbd7 7. Be2 c6 8. Nbd2 a6 9. a4 Rb8 10. a5 b5 11. axb6 Qxb6 12. O-O Bb7 13. Bc3 Qc7 14. b4 e5 15. Qc2 Rfe8 16. Rfe1 e4 17. Ng5 d5 18. c5 h6 19. Nh3 Ra8 20. Nf4 Nf8 21. Ra5 Ne6 22. Nxe6 Rxe6 23. Rea1 Ree8 24. Bxa6 Bxa6 25. Rxa6 Rxa6 26. Rxa6 Ng4 27. Nf1 h5 28. Qa4 Rc8 29. b5 cxb5 30. Qxb5 Rb8 31. Rb6 Rxb6 32. Qxb6 Qxb6 33. cxb6 Bf8 34. f3 Nf6 35. Nd2 Bd6 36. fxe4 Nxe4 37. Nxe4 dxe4 38. h3 f5 39. Kf2 Kf7 40. Ke2 Ke6 41. Kd2 Kd5 42. Kc2 Kc4 43. Be1 Kb5 44. Kb3 Kxb6 45. Kc4 Kc6 46. d5+ Kd7 47. Kd4 Ke7 48. Bh4+ Kf7 49. Bg5 Ke8 50. Bf6 Kd7 51. Be5 g5 52. g4 hxg4 53. hxg4 fxg4 54. Bxd6 Kxd6 55. Kxe4 g3 56. Kf3 Kxd5 57. Kxg3 Ke4 1/2-1/2

[Event "62.Camp. Veneto Quarti di Finale"]
[Site "Arquà Petrarca ITA"]
[Date "2002.05.05"]
[Round "3.16"]
[White "Trangoni, Bruno"]
[Black "Busà, Michele"]
[Result "1-0"]
[WhiteElo "1671"]
[BlackElo "1543"]
[Annotator "Gabriele Ballarin"]
[PlyCount "39"]
[EventDate "2002.05.04"]
[EventType "swiss"]
[EventRounds "6"]
[EventCountry "ITA"]

1. f4 d5 2. Nf3 Nf6 3. e3 Bg4 4. h3 Bh5 5. g4 Bxg4 6. hxg4 Nxg4 7. c4 Nc6 8. d4 e6 9. Nc3 Qf6 10. cxd5 exd5 11. Nxd5 Bb4+ 12. Nxb4 Nxb4 13. Qa4+ Nc6 14. d5 O-O 15. dxc6 Rfe8 16. Bd3 Rxe3+ 17. Bxe3 Qxb2 18. Bxh7+ Kf8 19. Bc5+ Ke8 20. cxb7+ 1-0

[Event "62.Camp. Veneto Quarti di Finale"]
[Site "Arquà Petrarca ITA"]
[Date "2002.05.05"]
[Round "3.18"]
[White "Sommacal, Giovanni"]
[Black "Zavagli, Massimo"]
[Result "0-1"]
[WhiteElo "1300"]
[BlackElo "1642"]
[Annotator "Gabriele Ballarin"]
[PlyCount "90"]
[EventDate "2002.05.04"]
[EventType "swiss"]
[EventRounds "6"]
[EventCountry "ITA"]

1. e4 d6 2. d4 Nf6 3. Nc3 g6 4. Nf3 Bg7 5. Bf4 O-O 6. e5 Nh5 7. Be3 Nc6 8. h3 dxe5 9. d5 Nd4 10. Nxd4 exd4 11. Bxd4 Nf6 12. Bc4 c6 13. h4 cxd5 14. Nxd5 e5 15. Be3 Nxd5 16. Qxd5 Qc7 17. O-O-O Be6 18. Qc5 Qxc5 19. Bxc5 Bxc4 20. Bxf8 Kxf8 21. Rd7 b5 22. Rhd1 h5 23. Rc7 a5 24. a4 Rb8 25. Rdd7 Be6 26. Rd3 e4 27. Rd1 bxa4 28. c3 a3 29. bxa3 Ke8 30. Kd2 Rd8+ 31. Ke1 Rxd1+ 32. Kxd1 Kd8 33. Ra7 a4 34. c4 Bxc4 35. Kd2 Bb3 36. Ke3 Bb2 37. Kxe4 Bxa3 38. Ke5 Ke8 39. Ra8+ Ke7 40. Ra7+ Kf8 41. Kf6 Bb2+ 42. Kg5 Kg7 43. Rb7 Bf6+ 44. Kf4 Bxh4 45. g3 Bf6 0-1

[Event "62.Camp. Veneto Quarti di Finale"]
[Site "Arquà Petrarca ITA"]
[Date "2002.05.05"]
[Round "3.19"]
[White "Pomaro, Stefano"]
[Black "Mason, Andrea"]
[Result "0-1"]
[WhiteElo "1626"]
[BlackElo "1503"]
[Annotator "Gabriele Ballarin"]
[PlyCount "114"]
[EventDate "2002.05.04"]
[EventType "swiss"]
[EventRounds "6"]
[EventCountry "ITA"]

1. e4 e6 2. Nf3 d5 3. e5 c5 4. b4 cxb4 5. a3 Nc6 6. axb4 Bxb4 7. c3 Ba5 8. d4 Bd7 9. Bd3 f6 10. exf6 Nxf6 11. O-O O-O 12. Qc2 Rc8 13. Ba3 Re8 14. Ng5 Ne4 15. Bxe4 dxe4 16. Nxe4 Nxd4 17. Qa2 Nb5 18. c4 Nxa3 19. Nxa3 Qh4 20. Nd6 Bc7 21. g3 Qh3 22. Nxe8 Bc6 23. f3 Bb6+ 24. Kh1 Rxe8 25. Rad1 Rf8 26. Qg2 Qf5 27. Nb5 Bxf3 28. Rxf3 Qxf3 29. Qxf3 Rxf3 30. Nd6 Rc3 31. Re1 Re3 32. Rxe3 Bxe3 33. Nxb7 Kf8 34. c5 Ke7 35. c6 Bb6 36. Kg2 a5 37. c7 Bxc7 38. Nc5 Kd6 39. Na4 Kd5 40. Kf3 Kc4 41. Ke4 Kb4 42. Nb2 Kb3 43. Nd3 Bd6 44. h3 a4 45. g4 a3 46. h4 a2 47. Nc1+ Kb2 48. Nxa2 Kxa2 49. g5 g6 50. Kf3 Kb3 51. Kg4 Kc4 52. h5 gxh5+ 53. Kxh5 Be5 54. Kh6 Bf4 55. Kxh7 Bxg5 56. Kg6 Bc1 57. Kf6 Kd5 0-1

[Event "62.Camp. Veneto Quarti di Finale"]
[Site "Arquà Petrarca ITA"]
[Date "2002.05.05"]
[Round "3.20"]
[White "Liguori, Michele"]
[Black "Forzin, Gianluca"]
[Result "1-0"]
[WhiteElo "1600"]
[BlackElo "1482"]
[Annotator "Gabriele Ballarin"]
[PlyCount "97"]
[EventDate "2002.05.04"]
[EventType "swiss"]
[EventRounds "6"]
[EventCountry "ITA"]

1. e4 e5 2. Bc4 Be7 3. Nf3 d6 4. c3 Nf6 5. d3 O-O 6. O-O Nc6 7. h3 a6 8. Nbd2 Na5 9. Re1 Re8 10. Bb3 Nxb3 11. Qxb3 c6 12. Nf1 Qc7 13. Ng3 h6 14. Nh2 Be6 15. Qd1 d5 16. Qf3 Rad8 17. Be3 Bf8 18. Nh5 Nxh5 19. Qxh5 Qe7 20. Qxe5 dxe4 21. dxe4 Rd3 22. Nf3 Qd6 23. Qxd6 Rxd6 24. Nd4 Bc8 25. f3 b5 26. Rad1 c5 27. Nb3 c4 28. Rxd6 Bxd6 29. Nd4 Bb7 30. Nf5 Bc7 31. Rd1 Rd8 32. Rxd8+ Bxd8 33. Bc5 Bg5 34. Ne3 Bxe3+ 35. Bxe3 g5 36. h4 f6 37. hxg5 hxg5 38. Bd4 Kf7 39. Kf2 Ke6 40. Ke3 Bc6 41. Bb6 Bd7 42. Kd4 Kd6 43. Bd8 g4 44. Bxf6 gxf3 45. gxf3 Ke6 46. Bh4 Kd6 47. Bg3+ Kc6 48. f4 a5 49. f5 1-0

[Event "62.Camp. Veneto Quarti di Finale"]
[Site "Arquà Petrarca ITA"]
[Date "2002.05.05"]
[Round "3.22"]
[White "Bettera, Roberto"]
[Black "Zabeo, Gianpaolo"]
[Result "1-0"]
[WhiteElo "1594"]
[BlackElo "1300"]
[Annotator "Gabriele Ballarin"]
[PlyCount "63"]
[EventDate "2002.05.04"]
[EventType "swiss"]
[EventRounds "6"]
[EventCountry "ITA"]

1. d4 d5 2. c4 c5 3. cxd5 cxd4 4. Qxd4 Nf6 5. Nc3 Nc6 6. Qd1 Ne5 7. e4 e6 8. f4 Bb4 9. Qa4+ Nc6 10. dxc6 Bxc3+ 11. bxc3 O-O 12. Nf3 bxc6 13. Be3 Qc7 14. g3 Rd8 15. Ne5 Bd7 16. Nxd7 Rxd7 17. Be2 Qb7 18. Qc2 c5 19. Bf3 Qb5 20. c4 Qb6 21. e5 Qb4+ 22. Bd2 Rxd2 23. Qxd2 Rd8 24. Qxb4 cxb4 25. exf6 gxf6 26. c5 Rd3 27. Ke2 Rc3 28. Rac1 Ra3 29. Rc2 a5 30. c6 b3 31. axb3 Rxb3 32. c7 1-0

[Event "62.Camp. Veneto Quarti di Finale"]
[Site "Arquà Petrarca ITA"]
[Date "2002.05.05"]
[Round "3.23"]
[White "Lorenzini, Adriano"]
[Black "Arras, Antonio"]
[Result "1-0"]
[WhiteElo "1723"]
[BlackElo "1446"]
[Annotator "Gabriele Ballarin"]
[PlyCount "59"]
[EventDate "2002.05.04"]
[EventType "swiss"]
[EventRounds "6"]
[EventCountry "ITA"]

1. d4 Nf6 2. c4 g6 3. Nc3 Bg7 4. e4 d6 5. f3 O-O 6. Be3 Nbd7 7. Qd2 c5 8. Nge2 Nb6 9. Nf4 cxd4 10. Bxd4 Bd7 11. Nfd5 Nfxd5 12. Bxg7 Kxg7 13. cxd5 Rc8 14. Be2 Kg8 15. h4 f5 16. h5 f4 17. hxg6 hxg6 18. g3 Na4 19. Nxa4 Bxa4 20. Qd4 Qa5+ 21. b4 e5 22. dxe6 Qe5 23. Qxe5 dxe5 24. gxf4 exf4 25. Bd1 Bxd1 26. Rxd1 Kg7 27. e5 Rfd8 28. Rd7+ Rxd7 29. exd7 Rd8 30. Rh7+ 1-0

[Event "62.Camp. Veneto Quarti di Finale"]
[Site "Arquà Petrarca ITA"]
[Date "2002.05.05"]
[Round "3.24"]
[White "Barbetta, Cosimo"]
[Black "Mocellin, Gianfranco"]
[Result "0-1"]
[WhiteElo "1510"]
[BlackElo "1675"]
[Annotator "Gabriele Ballarin"]
[PlyCount "116"]
[EventDate "2002.05.04"]
[EventType "swiss"]
[EventRounds "6"]
[EventCountry "ITA"]

1. e4 c5 2. c3 Nc6 3. Nf3 d6 4. h3 Nf6 5. d3 g6 6. Be2 Bg7 7. Be3 a6 8. Nbd2 b5 9. Qc1 Bb7 10. Nh2 Qc7 11. Ng4 h5 12. Nxf6+ Bxf6 13. Nf3 Ne5 14. Nxe5 Bxe5 15. Bf4 d5 16. Bxe5 Qxe5 17. f4 Qf6 18. e5 Qh4+ 19. Kd1 d4 20. Bf3 Bxf3+ 21. gxf3 Qf2 22. Qd2 Qxf3+ 23. Kc2 Qd5 24. b3 dxc3 25. Qxc3 O-O 26. Rae1 e6 27. Kb2 Rfd8 28. Rd1 a5 29. Rh2 a4 30. Rc2 a3+ 31. Kc1 Rac8 32. Qe1 Qd4 33. Qf2 Qa1+ 34. Kd2 Rxd3+ 35. Kxd3 Qxd1+ 36. Rd2 Rd8+ 37. Ke3 Qc1 38. Qe2 Qxd2+ 39. Qxd2 Rxd2 40. Kxd2 Kf8 41. Kc3 Ke7 42. b4 c4 43. Kd4 f6 44. Ke3 fxe5 45. fxe5 g5 46. Kf3 Kd7 47. Ke3 Kc6 48. Kd4 g4 49. hxg4 hxg4 50. Ke3 Kd5 51. Kf4 c3 52. Ke3 g3 53. Kd3 g2 54. Kxc3 g1=Q 55. Kb3 Qd4 56. Kc2 Kc4 57. Kc1 Kc3 58. Kb1 Qd1# 0-1

[Event "62.Camp. Veneto Quarti di Finale"]
[Site "Arquà Petrarca ITA"]
[Date "2002.05.05"]
[Round "3.25"]
[White "Alessi, Giovanni"]
[Black "Zuccarello, Gianni"]
[Result "0-1"]
[WhiteElo "1492"]
[BlackElo "1600"]
[Annotator "Gabriele Ballarin"]
[PlyCount "80"]
[EventDate "2002.05.04"]
[EventType "swiss"]
[EventRounds "6"]
[EventCountry "ITA"]

1. d4 Nf6 2. g3 d5 3. Bg2 e6 4. Nf3 Nbd7 5. O-O a6 6. Bd2 b5 7. Ba5 Bb7 8. Nbd2 Qc8 9. Nb3 c5 10. dxc5 Nxc5 11. Nbd4 Bd6 12. Nb3 O-O 13. Nxc5 Qxc5 14. a3 Rac8 15. c3 Qa7 16. e3 Qb8 17. Nd4 h5 18. f4 g6 19. Nf3 Ng4 20. Qd3 Qa7 21. Rfe1 Bc5 22. Nd4 e5 23. fxe5 Nxe5 24. Qc2 Ng4 25. Bb4 Rfe8 26. Qd2 Rc7 27. Re2 Rce7 28. Rae1 Qb6 29. Kh1 Bxb4 30. axb4 Qf6 31. Rf1 Qg5 32. Nf3 Qh6 33. Nh4 Rxe3 34. Bxd5 Bxd5+ 35. Qxd5 Qg7 36. Rd2 Re1 37. Qf3 Rxf1+ 38. Qxf1 Qe5 39. Nf3 Qe4 40. Qf2 Nxf2+ 0-1

[Event "62.Camp. Veneto Quarti di Finale"]
[Site "Arquà Petrarca ITA"]
[Date "2002.05.05"]
[Round "3.26"]
[White "Levi Minzi, Matteo"]
[Black "Stiz, Massimiliano"]
[Result "0-1"]
[WhiteElo "1425"]
[BlackElo "1591"]
[Annotator "Gabriele Ballarin"]
[PlyCount "96"]
[EventDate "2002.05.04"]
[EventType "swiss"]
[EventRounds "6"]
[EventCountry "ITA"]

1. Nf3 Nf6 2. d4 c5 3. Bf4 g6 4. Nbd2 cxd4 5. Be5 Nc6 6. Bxf6 exf6 7. a3 d3 8. cxd3 Bg7 9. e3 d5 10. d4 O-O 11. Bd3 f5 12. O-O f4 13. exf4 Nxd4 14. Nxd4 Bxd4 15. Qc2 Bd7 16. Rae1 Rc8 17. Qb3 Bc6 18. Nf3 Bg7 19. Ne5 Qh4 20. f5 Qd4 21. Nxc6 bxc6 22. fxg6 hxg6 23. Re2 Rb8 24. Qc2 Rxb2 25. Qxc6 Qxd3 26. Re3 Qc4 27. Qd6 d4 28. Re4 Rfb8 29. h4 Qc3 30. h5 gxh5 31. Kh2 d3 32. Re3 R2b6 33. Qf4 Qxa3 34. Rg3 Qd6 35. Qg5 Qf6 36. Qd5 h4 37. Rxd3 Qe5+ 38. g3 hxg3+ 39. fxg3 Rh6+ 40. Kg1 Qxd5 41. Rxd5 Ra8 42. Rd7 Rf6 43. Rfd1 a5 44. g4 a4 45. R1d2 a3 46. Ra2 Rf4 47. Kh2 Rxg4 48. Rd3 Bb2 0-1

[Event "62.Camp. Veneto Quarti di Finale"]
[Site "Arquà Petrarca ITA"]
[Date "2002.05.05"]
[Round "3.27"]
[White "Ceccherini, Paolo"]
[Black "Meggiorin, Orlando"]
[Result "1-0"]
[WhiteElo "1516"]
[BlackElo "1432"]
[Annotator "Gabriele Ballarin"]
[PlyCount "39"]
[EventDate "2002.05.04"]
[EventType "swiss"]
[EventRounds "6"]
[EventCountry "ITA"]

1. d4 d5 2. Nf3 Bg4 3. e3 Nf6 4. c4 e6 5. Nbd2 c5 6. Qb3 b6 7. cxd5 Nxd5 8. Bb5+ Ke7 9. Ne5 Bh5 10. Bc6 Na6 11. Bxa8 Qxa8 12. Qb5 Nab4 13. Qd7+ Kf6 14. Ne4+ Kf5 15. Ng3+ Kg5 16. O-O Nf6 17. Nxf7+ Bxf7 18. Qxf7 Qc6 19. e4+ Kh4 20. e5 1-0

[Event "62.Camp. Veneto Quarti di Finale"]
[Site "Arquà Petrarca ITA"]
[Date "2002.05.05"]
[Round "3.28"]
[White "Colusso, Enrico"]
[Black "Minati, Donato"]
[Result "0-1"]
[WhiteElo "1446"]
[BlackElo "1512"]
[Annotator "Gabriele Ballarin"]
[PlyCount "110"]
[EventDate "2002.05.04"]
[EventType "swiss"]
[EventRounds "6"]
[EventCountry "ITA"]

1. e4 c5 2. Nf3 e6 3. Nc3 Nc6 4. Bb5 Nf6 5. e5 Nd5 6. Nxd5 exd5 7. d4 Qa5+ 8. c3 Qxb5 9. Ng5 cxd4 10. a4 Qc5 11. Qh5 Qe7 12. O-O g6 13. Qd1 Bg7 14. cxd4 O-O 15. h4 d6 16. f4 h6 17. f5 Bxf5 18. Rxf5 gxf5 19. Nf3 dxe5 20. dxe5 Nxe5 21. Ra3 Rac8 22. Nd4 Qf6 23. Qe1 Rfe8 24. Re3 Kf8 25. b3 Ng4 26. Ba3+ Kg8 27. Rxe8+ Rxe8 28. Qxe8+ Kh7 29. Bb2 Qxh4 30. Nf3 Qf2+ 31. Kh1 Qxb2 32. Qxf7 Qc1+ 33. Ng1 Qf4 34. Nf3 d4 35. Qxb7 d3 36. Qd7 Ne5 37. Nxe5 Qxe5 38. Qxd3 Qe1+ 39. Kh2 Qh4+ 40. Qh3 Qxh3+ 41. Kxh3 a5 42. Kg3 Bc3 43. Kf4 Kg6 44. g4 fxg4 45. Kxg4 Kf6 46. Kf4 Ke6 47. Ke4 h5 48. Ke3 Kf5 49. Kf3 h4 50. Kf2 Kf4 51. Kg2 Kg4 52. Kh2 Kf4 53. Kg2 Ke3 54. Kh3 Kd3 55. Kxh4 Kc2 0-1

[Event "62.Camp. Veneto Quarti di Finale"]
[Site "Arquà Petrarca ITA"]
[Date "2002.05.05"]
[Round "3.29"]
[White "Franco, Leopoldo"]
[Black "Angelini, Francesco"]
[Result "1/2-1/2"]
[WhiteElo "1400"]
[BlackElo "1300"]
[Annotator "Gabriele Ballarin"]
[PlyCount "70"]
[EventDate "2002.05.04"]
[EventType "swiss"]
[EventRounds "6"]
[EventCountry "ITA"]

1. d4 f5 2. c3 Nf6 3. g3 e6 4. Bg2 Be7 5. h4 d6 6. Qb3 Nbd7 7. Bg5 Nb6 8. Nd2 Nfd5 9. e4 fxe4 10. Bxe4 Nf6 11. Bxf6 Bxf6 12. O-O-O Bd7 13. Nh3 d5 14. Bd3 Ba4 15. Bb5+ Bxb5 16. Qxb5+ c6 17. Qb3 a5 18. a4 Rb8 19. Rhe1 Kf7 20. f4 Re8 21. Ng5+ Bxg5 22. fxg5 Nd7 23. Qc2 Kg8 24. Nf3 b5 25. Ne5 Nxe5 26. Rxe5 bxa4 27. Qxa4 Qb6 28. Rd2 c5 29. dxc5 Qxc5 30. Rd4 Qd6 31. Re1 Qxg3 32. Qd1 Qh2 33. Re2 Qd6 34. h5 Qg3 35. Qd2 Qg1+ 1/2-1/2

[Event "62.Camp. Veneto Quarti di Finale"]
[Site "Arquà Petrarca ITA"]
[Date "2002.05.05"]
[Round "3.30"]
[White "Mason, Michele"]
[Black "De Nard, Stefano"]
[Result "1/2-1/2"]
[WhiteElo "1800"]
[BlackElo "1422"]
[Annotator "Gabriele Ballarin"]
[PlyCount "91"]
[EventDate "2002.05.04"]
[EventType "swiss"]
[EventRounds "6"]
[EventCountry "ITA"]

1. e4 c5 2. Nf3 Nc6 3. d4 cxd4 4. Nxd4 Nf6 5. Nc3 g6 6. Bg5 Bg7 7. Nxc6 bxc6 8. Qd2 O-O 9. Bh6 Re8 10. Bxg7 Kxg7 11. b3 Qc7 12. Bd3 Bb7 13. Ne2 d5 14. Ng3 Red8 15. Qe3 d4 16. Qd2 c5 17. O-O a5 18. a3 e5 19. Qg5 Bc8 20. f4 Re8 21. fxe5 Qxe5 22. Qxe5 Rxe5 23. Rf4 Re7 24. Raf1 Ne8 25. Ne2 Nd6 26. c3 dxc3 27. Nxc3 Be6 28. e5 Nf5 29. b4 axb4 30. axb4 cxb4 31. Rxb4 Ree8 32. Re1 Rec8 33. Ne2 Rc5 34. Nf4 Bc8 35. Rbe4 Bb7 36. R4e2 Nd4 37. Re3 Nc2 38. Bxc2 Rxc2 39. R1e2 Rc5 40. Kf2 g5 41. Nh5+ Kg6 42. Nf6 h6 43. g4 Ba6 44. Re1 Rc2+ 45. Kg3 Rac8 46. h3 1/2-1/2

[Event "62.Camp. Veneto Quarti di Finale"]
[Site "Arquà Petrarca ITA"]
[Date "2002.05.05"]
[Round "3.31"]
[White "Bau, Lorenzo"]
[Black "Crescenzio, Alberto"]
[Result "0-1"]
[WhiteElo "1300"]
[BlackElo "1300"]
[Annotator "Gabriele Ballarin"]
[PlyCount "62"]
[EventDate "2002.05.04"]
[EventType "swiss"]
[EventRounds "6"]
[EventCountry "ITA"]

1. e4 e5 2. Nf3 Nc6 3. Bc4 Bc5 4. O-O Nf6 5. d3 O-O 6. Bg5 d6 7. c3 Bg4 8. Nbd2 h6 9. Bh4 a6 10. a3 b5 11. Bd5 Bd7 12. b4 Bb6 13. Rc1 Ra7 14. Nb3 a5 15. Nbd2 axb4 16. axb4 Re8 17. Re1 g5 18. Bxg5 hxg5 19. Nxg5 Nxd5 20. Qh5 Qf6 21. Qxf7+ Qxf7 22. Nxf7 Kxf7 23. exd5 Ne7 24. c4 c5 25. Re4 Bf5 26. Rh4 cxb4 27. Ne4 Bxe4 28. dxe4 Rg8 29. cxb5 b3 30. Rb1 b2 31. Rxb2 Ra1+ 0-1

[Event "62.Camp. Veneto Quarti di Finale"]
[Site "Arquà Petrarca ITA"]
[Date "2002.05.05"]
[Round "3.32"]
[White "Piasentini, Gabriele"]
[Black "Bdair, Bilal"]
[Result "0-1"]
[WhiteElo "1300"]
[BlackElo "1300"]
[Annotator "Gabriele Ballarin"]
[PlyCount "56"]
[EventDate "2002.05.04"]
[EventType "swiss"]
[EventRounds "6"]
[EventCountry "ITA"]

1. e4 e6 2. d4 d5 3. exd5 exd5 4. Nc3 Ne7 5. Nf3 g6 6. Qe2 Bg7 7. Bg5 Nbc6 8. Nxd5 f6 9. Nxe7 Nxe7 10. Bh4 O-O 11. O-O-O h5 12. Qe1 Re8 13. Bb5 c6 14. Bc4+ Kh7 15. Bf7 Rf8 16. Bc4 Bg4 17. h3 Bxf3 18. gxf3 Nf5 19. Qe4 Re8 20. Qf4 Bh6 21. Qd2 Bxd2+ 22. Rxd2 Nxh4 23. Bd3 Nxf3 24. Re2 Rxe2 25. Bxe2 Nxd4 26. Bd3 Qd5 27. Rg1 f5 28. c4 Qf3 0-1

[Event "62.Camp. Veneto Quarti di Finale"]
[Site "Arquà Petrarca ITA"]
[Date "2002.05.05"]
[Round "3.33"]
[White "Chinello, Silvio"]
[Black "Menin, Massimo"]
[Result "1/2-1/2"]
[WhiteElo "1300"]
[BlackElo "1300"]
[Annotator "Gabriele Ballarin"]
[PlyCount "103"]
[EventDate "2002.05.04"]
[EventType "swiss"]
[EventRounds "6"]
[EventCountry "ITA"]

1. e4 c5 2. Nf3 d6 3. c3 Nf6 4. d4 cxd4 5. Nxd4 Nxe4 6. Qa4+ Bd7 7. Bb5 Nc5 8. Bxd7+ Nbxd7 9. Qd1 Ne5 10. O-O e6 11. Nd2 Be7 12. N2f3 Ned3 13. b4 Nxc1 14. bxc5 dxc5 15. Nxe6 fxe6 16. Rxc1 O-O 17. Re1 Qxd1 18. Rcxd1 Bf6 19. c4 Rad8 20. g3 Rxd1 21. Rxd1 Rd8 22. Rxd8+ Bxd8 23. Ne5 g6 24. Nd3 b6 25. Ne5 a6 26. a4 Bc7 27. Nd3 Bd6 28. f4 Kg7 29. Kf2 Kf6 30. Kf3 g5 31. fxg5+ Kxg5 32. Nf2 Kf5 33. Nd3 h5 34. Nf2 e5 35. h3 Bc7 36. g4+ hxg4+ 37. hxg4+ Kg6 38. Ke4 Kg5 39. Kd5 Kf4 40. Nd3+ Kxg4 41. Nxe5+ Bxe5 42. Kxe5 Kf3 43. Kd5 Ke3 44. Kc6 Kd3 45. Kxb6 Kxc4 46. Kxa6 Kb4 47. a5 c4 48. Kb6 c3 49. a6 c2 50. a7 c1=Q 51. a8=Q Qc5+ 52. Kb7 1/2-1/2